[Event "84th ESP-ch 2019"]
[Site "Marbella"]
[Date "2019.11.22"]
[Round "7.17"]
[White "Pazos Porta, Antonio"]
[Black "Guillo Longares, Cecilia"]
[Result "1-0"]
[WhiteElo "2345"]
[BlackElo "2100"]
[Annotator "ChessBase"]
[PlyCount "103"]
[EventDate "2019.11.16"]
[EventType "swiss"]
[EventCountry "ESP"]
[SourceTitle "playchess.com"]
[Source "ChessBase"]
[SourceQuality "1"]
[TimeControl "5400+30"]

1. e4 {[%emt 0:07:02]} c5 {[%emt 0:00:00]} 2. Nf3 {[%emt 0:00:53]} Nc6 {[%emt 0:00:00]} 3. d4 {[%emt 0:01:13]} cxd4 {[%emt 0:00:00]} 4. Nxd4 {[%emt 0:00:05]} g6 {[%emt 0:00:00]} 5. c4 {[%emt 0:04:21]} Nf6 {[%emt 0:00:37]} 6. Nc3 {[%emt 0:01:02]} d6 {[%emt 0:00:22]} 7. Be2 {[%emt 0:03:39]} Nxd4 {[%emt 0:00:08]} 8. Qxd4 {[%emt 0:00:20]} Bg7 {[%emt 0:00:05]} 9. Be3 {[%emt 0:04:16]} O-O {[%emt 0:00:07]} 10. Qd2 {[%emt 0:01:05]} a5 {[%emt 0:00:04]} 11. O-O {[%emt 0:03:13]} a4 {[%emt 0:03:15]} 12. Rab1 {[%emt 0:09:05]} Be6 {[%emt 0:06:09]} 13. f3 {[%emt 0:08:43]} Qa5 {[%emt 0:02:31]} 14. Rfc1 {[%emt 0:23:34]} Rfc8 {[%emt 0:03:23]} 15. b4 {[%emt 0:00:46]} axb3 {[%emt 0:03:09]} 16. axb3 {[%emt 0:00:02]} Qb4 {[%emt 0:05:42]} 17. Qc2 {[%emt 0:00:14]} Nd7 {[%emt 0:02:06]} 18. Nb5 {[%emt 0:01:44]} Qa5 {[%emt 0:02:47]} 19. Nd4 {[%emt 0:03:13]} Qa2 {[%emt 0:01:27]} 20. Qd1 {[%emt 0:02:29]} Qa7 {[%emt 0:01:45]} 21. Nf5 {[%emt 0:02:05]} b6 {[%emt 0:00:41]} 22. Nxe7+ {[%emt 0:01:37]} Kh8 {[%emt 0:00:18]} 23. Nxc8 {[%emt 0:00:12]} Rxc8 {[%emt 0:00:02]} 24. Qxd6 {[%emt 0:00:50]} Be5 {[%emt 0:00:39]} 25. Bd4 {[%emt 0:00:36]} Bxd4+ {[%emt 0:02:07]} 26. Qxd4+ {[%emt 0:00:01]} Kg8 {[%emt 0:00:05]} 27. f4 {[%emt 0:01:53]} Qc7 {[%emt 0:00:24]} 28. e5 {[%emt 0:04:42]} Nc5 {[%emt 0:01:12]} 29. Qd6 {[%emt 0:00:06]} Bf5 {[%emt 0:01:22]} 30. Qxc7 {[%emt 0:00:18]} Rxc7 {[%emt 0:00:02]} 31. Rb2 {[%emt 0:00:20]} Bd3 {[%emt 0:00:38]} 32. Rc3 {[%emt 0:01:34]} Bf5 {[%emt 0:00:33]} 33. Ra2 {[%emt 0:01:28]} Ne4 {[%emt 0:00:31]} 34. Re3 {[%emt 0:00:21]} Nc5 {[%emt 0:00:10]} 35. Ra8+ {[%emt 0:00:51]} Kg7 {[%emt 0:00:02]} 36. Rb8 {[%emt 0:00:16]} Nd7 {[%emt 0:00:05]} 37. Rd8 {[%emt 0:00:21]} Ra7 {[%emt 0:01:25]} 38. h3 {[%emt 0:00:24]} h5 {[%emt 0:00:13]} 39. Kh2 {[%emt 0:01:26]} Ra2 {[%emt 0:00:16]} 40. e6 {[%emt 0:00:23]} Bxe6 {[%emt 0:00:32]} 41. Rxe6 {[%emt 0:00:17]} fxe6 {[%emt 0:00:08]} 42. Rxd7+ {[%emt 0:00:06]} Kf6 {[%emt 0:00:02]} 43. Bf3 {[%emt 0:00:29]} Rb2 {[%emt 0:00:06]} 44. Rd3 {[%emt 0:00:33]} Kf5 {[%emt 0:00:07]} 45. Kg3 {[%emt 0:01:48]} h4+ {[%emt 0:00:05]} 46. Kxh4 {[%emt 0:00:21]} Kxf4 {[%emt 0:00:02]} 47. Rd6 {[%emt 0:01:19]} e5 {[%emt 0:01:23]} 48. Rf6+ {[%emt 0:00:17]} Ke3 {[%emt 0:00:07]} 49. Rxb6 {[%emt 0:00:11]} Kd3 {[%emt 0:00:44]} 50. c5 {[%emt 0:00:16]} e4 {[%emt 0:00:11]} 51. Rd6+ {[%emt 0:00:02]} Ke3 {[%emt 0:00:19]} 52. Re6 {[%emt 0:00:10]} 1-0

[Event "84th ESP-ch 2019"]
[Site "Marbella"]
[Date "2019.11.22"]
[Round "7.18"]
[White "Hernando Rodrigo, Inmaculada"]
[Black "Valmana Canto, Jaime"]
[Result "0-1"]
[WhiteElo "1863"]
[BlackElo "2416"]
[Annotator "ChessBase"]
[PlyCount "70"]
[EventDate "2019.11.16"]
[EventType "swiss"]
[EventCountry "ESP"]
[SourceTitle "playchess.com"]
[Source "ChessBase"]
[SourceQuality "1"]
[TimeControl "5400+30"]

1. d4 {[%emt 0:00:00]} Nf6 {[%emt 0:00:00]} 2. Nf3 {[%emt 0:00:00]} d6 {[%emt 0:00:15]} 3. h3 {[%emt 0:00:13]} g6 {[%emt 0:00:24]} 4. Bf4 {[%emt 0:00:24]} Bg7 {[%emt 0:00:09]} 5. e3 {[%emt 0:00:31]} O-O {[%emt 0:00:10]} 6. Be2 {[%emt 0:00:27]} Nbd7 {[%emt 0:00:18]} 7. O-O {[%emt 0:00:35]} b6 {[%emt 0:00:08]} 8. Nbd2 {[%emt 0:01:11]} Bb7 {[%emt 0:00:10]} 9. c3 {[%emt 0:01:06]} Ne4 {[%emt 0:00:09]} 10. Nxe4 {[%emt 0:04:49]} Bxe4 {[%emt 0:00:09]} 11. Nd2 {[%emt 0:00:33]} Bb7 {[%emt 0:00:08]} 12. Bf3 {[%emt 0:02:53]} Qc8 {[%emt 0:00:08]} 13. Bxb7 {[%emt 0:01:15]} Qxb7 {[%emt 0:00:10]} 14. Qg4 {[%emt 0:03:19]} c5 {[%emt 0:08:26]} 15. Qh4 {[%emt 0:18:05]} Rfe8 {[%emt 0:08:08]} 16. Bh6 {[%emt 0:04:33]} Bh8 {[%emt 0:04:06]} 17. f4 {[%emt 0:02:12]} f5 {[%emt 0:02:16]} 18. Nf3 {[%emt 0:06:26]} Nf6 {[%emt 0:01:02]} 19. Ng5 {[%emt 0:02:23]} e6 {[%emt 0:08:28]} 20. Rae1 {[%emt 0:08:18]} Ne4 {[%emt 0:01:25]} 21. Nxe4 {[%emt 0:03:33]} Qxe4 {[%emt 0:00:12]} 22. Bg5 {[%emt 0:01:16]} Bg7 {[%emt 0:14:31]} 23. Rf3 {[%emt 0:07:41]} Kf7 {[%emt 0:01:22]} 24. Rg3 {[%emt 0:04:17]} h6 {[%emt 0:08:32]} 25. dxc5 {[%emt 0:09:06]} bxc5 {[%emt 0:00:33]} 26. Rd1 {[%emt 0:01:07]} d5 {[%emt 0:00:13]} 27. c4 {[%emt 0:03:13]} Qxc4 {[%emt 0:12:01]} 28. Bxh6 {[%emt 0:10:08]} Bf6 {[%emt 0:00:19]} 29. Rxg6 {[%emt 0:00:12]} Bxh4 {[%emt 0:01:07]} 30. Rg7+ {[%emt 0:00:03]} Kf6 {[%emt 0:00:10]} 31. g4 {[%emt 0:00:10]} fxg4 {[%emt 0:01:07]} 32. hxg4 {[%emt 0:00:01]} Qe2 {[%emt 0:01:21]} 33. g5+ {[%emt 0:00:33]} Kf5 {[%emt 0:00:07]} 34. e4+ {[%emt 0:01:08]} Kg4 {[%emt 0:00:24]} 35. Rf1 {[%emt 0:00:26]} Kg3 {[%emt 0:00:36]} 0-1

[Event "84th ESP-ch 2019"]
[Site "Marbella"]
[Date "2019.11.22"]
[Round "7.19"]
[White "Garza Marco, Sergio"]
[Black "Hernandez Roldan, Miguel"]
[Result "1-0"]
[WhiteElo "2400"]
[BlackElo "2229"]
[Annotator "ChessBase"]
[PlyCount "78"]
[EventDate "2019.11.16"]
[EventType "swiss"]
[EventCountry "ESP"]
[SourceTitle "playchess.com"]
[Source "ChessBase"]
[SourceQuality "1"]
[TimeControl "5400+30"]

1. d4 {[%emt 0:00:00]} Nf6 {[%emt 0:00:00]} 2. Nf3 {[%emt 0:00:00]} e6 {[%emt 0:00:15]} 3. Bf4 {[%emt 0:00:43]} c5 {[%emt 0:00:59]} 4. e3 {[%emt 0:00:56]} d5 {[%emt 0:02:24]} 5. c3 {[%emt 0:01:42]} Nc6 {[%emt 0:05:23]} 6. Nbd2 {[%emt 0:00:22]} Bd6 {[%emt 0:00:08]} 7. Bg3 {[%emt 0:00:06]} Qe7 {[%emt 0:04:53]} 8. Ne5 {[%emt 0:01:33]} Bxe5 {[%emt 0:00:43]} 9. dxe5 {[%emt 0:00:07]} Nd7 {[%emt 0:00:09]} 10. Bb5 {[%emt 0:14:03]} f5 {[%emt 0:06:15]} 11. exf6 {[%emt 0:09:48]} Qxf6 {[%emt 0:00:25]} 12. Qh5+ {[%emt 0:01:53]} Qf7 {[%emt 0:00:59]} 13. Qh4 {[%emt 0:01:05]} O-O {[%emt 0:07:41]} 14. Nf3 {[%emt 0:01:48]} Qf6 {[%emt 0:03:41]} 15. Qxf6 {[%emt 0:01:45]} gxf6 {[%emt 0:01:25]} 16. O-O-O {[%emt 0:00:42]} a6 {[%emt 0:03:32]} 17. Ba4 {[%emt 0:00:26]} b5 {[%emt 0:00:22]} 18. Bc2 {[%emt 0:00:02]} Nde5 {[%emt 0:02:52]} 19. Nd2 {[%emt 0:01:15]} Na5 {[%emt 0:01:32]} 20. e4 {[%emt 0:04:03]} d4 {[%emt 0:12:18]} 21. cxd4 {[%emt 0:01:07]} cxd4 {[%emt 0:00:09]} 22. Nb3 {[%emt 0:00:38]} Nxb3+ {[%emt 0:01:44]} 23. Bxb3 {[%emt 0:00:06]} Rd8 {[%emt 0:04:53]} 24. Kb1 {[%emt 0:01:12]} a5 {[%emt 0:00:46]} 25. Rc1 {[%emt 0:00:37]} a4 {[%emt 0:00:41]} 26. Rxc8 {[%emt 0:00:52]} axb3 {[%emt 0:02:07]} 27. Rxd8+ {[%emt 0:00:07]} Rxd8 {[%emt 0:00:07]} 28. axb3 {[%emt 0:00:05]} Nd3 {[%emt 0:02:31]} 29. f3 {[%emt 0:01:26]} Nc5 {[%emt 0:01:37]} 30. Bh4 {[%emt 0:06:24]} Kf7 {[%emt 0:05:52]} 31. e5 {[%emt 0:03:54]} Nxb3 {[%emt 0:00:06]} 32. Bxf6 {[%emt 0:02:00]} Rc8 {[%emt 0:01:38]} 33. Rd1 {[%emt 0:01:05]} Rc4 {[%emt 0:00:02]} 34. g4 {[%emt 0:03:11]} b4 {[%emt 0:05:18]} 35. Bh4 {[%emt 0:02:21]} Rc5 {[%emt 0:02:27]} 36. Bg3 {[%emt 0:01:48]} Kg6 {[%emt 0:00:22]} 37. Rd3 {[%emt 0:02:49]} Nc1 {[%emt 0:03:17]} 38. Rxd4 {[%emt 0:01:47]} b3 {[%emt 0:00:05]} 39. Rb4 {[%emt 0:06:08]} Rc2 {[%emt 0:00:01]} 1-0

[Event "84th ESP-ch 2019"]
[Site "Marbella"]
[Date "2019.11.22"]
[Round "7.20"]
[White "Suarez Uriel, Adrian"]
[Black "Rey Malde, Henrique"]
[Result "1-0"]
[WhiteElo "2389"]
[BlackElo "2209"]
[Annotator "ChessBase"]
[PlyCount "87"]
[EventDate "2019.11.16"]
[EventType "swiss"]
[EventCountry "ESP"]
[SourceTitle "playchess.com"]
[Source "ChessBase"]
[SourceQuality "1"]
[TimeControl "5400+30"]

1. Nf3 {[%emt 0:00:00]} d6 {[%emt 0:07:09]} 2. d4 {[%emt 0:00:25]} Nf6 {[%emt 0:00:14]} 3. c4 {[%emt 0:00:05]} Nbd7 {[%emt 0:01:10]} 4. Nc3 {[%emt 0:00:12]} e5 {[%emt 0:00:08]} 5. g3 {[%emt 0:00:39]} c6 {[%emt 0:00:18]} 6. Bg2 {[%emt 0:00:29]} e4 {[%emt 0:00:07]} 7. Nh4 {[%emt 0:00:51]} d5 {[%emt 0:00:17]} 8. cxd5 {[%emt 0:00:14]} cxd5 {[%emt 0:00:07]} 9. O-O {[%emt 0:02:04]} Bb4 {[%emt 0:04:06]} 10. Qb3 {[%emt 0:02:16]} Bxc3 {[%emt 0:00:07]} 11. bxc3 {[%emt 0:00:02]} O-O {[%emt 0:00:49]} 12. Ba3 {[%emt 0:00:54]} Re8 {[%emt 0:00:18]} 13. Nf5 {[%emt 0:00:24]} Nb6 {[%emt 0:19:02]} 14. Nd6 {[%emt 0:00:25]} Nc4 {[%emt 0:00:07]} 15. Nxe8 {[%emt 0:03:41]} Qxe8 {[%emt 0:01:44]} 16. Bc1 {[%emt 0:00:02]} h6 {[%emt 0:04:15]} 17. Bf4 {[%emt 0:05:15]} b6 {[%emt 0:03:23]} 18. h3 {[%emt 0:04:58]} g5 {[%emt 0:12:16]} 19. Bc1 {[%emt 0:03:41]} Bd7 {[%emt 0:00:29]} 20. a4 {[%emt 0:00:15]} Rc8 {[%emt 0:03:25]} 21. Ra2 {[%emt 0:00:56]} Kg7 {[%emt 0:01:52]} 22. Qd1 {[%emt 0:05:05]} Na5 {[%emt 0:07:03]} 23. f4 {[%emt 0:03:10]} g4 {[%emt 0:00:27]} 24. f5 {[%emt 0:00:09]} Nc4 {[%emt 0:06:04]} 25. Bf4 {[%emt 0:00:45]} Kh7 {[%emt 0:11:16]} 26. e3 {[%emt 0:00:43]} Qg8 {[%emt 0:03:01]} 27. Qe2 {[%emt 0:00:42]} h5 {[%emt 0:02:06]} 28. Be5 {[%emt 0:00:33]} Qg5 {[%emt 0:01:28]} 29. h4 {[%emt 0:04:45]} Qh6 {[%emt 0:00:07]} 30. Qf2 {[%emt 0:00:19]} Rc6 {[%emt 0:03:11]} 31. Re1 {[%emt 0:01:02]} Qf8 {[%emt 0:00:59]} 32. Qf4 {[%emt 0:00:30]} Qh6 {[%emt 0:00:04]} 33. Qg5 {[%emt 0:00:38]} Qxg5 {[%emt 0:00:37]} 34. hxg5 {[%emt 0:00:02]} Ne8 {[%emt 0:00:06]} 35. Rf2 {[%emt 0:01:18]} f6 {[%emt 0:05:00]} 36. gxf6 {[%emt 0:00:02]} Nxf6 {[%emt 0:00:11]} 37. Bf1 {[%emt 0:00:05]} Kg7 {[%emt 0:01:08]} 38. Rh2 {[%emt 0:00:22]} Be8 {[%emt 0:02:17]} 39. Rb1 {[%emt 0:02:05]} Bf7 {[%emt 0:01:44]} 40. Bxc4 {[%emt 0:01:56]} Rxc4 {[%emt 0:00:04]} 41. a5 {[%emt 0:00:02]} bxa5 {[%emt 0:00:56]} 42. Ra2 {[%emt 0:00:03]} a4 {[%emt 0:01:06]} 43. Rb7 {[%emt 0:00:22]} a5 {[%emt 0:00:39]} 44. Rb6 {[%emt 0:00:05]} 1-0

[Event "84th ESP-ch 2019"]
[Site "Marbella"]
[Date "2019.11.22"]
[Round "7.21"]
[White "Represa Perez, Mireya"]
[Black "Vega Gutierrez, Sabrina"]
[Result "0-1"]
[WhiteElo "2189"]
[BlackElo "2374"]
[Annotator "ChessBase"]
[PlyCount "62"]
[EventDate "2019.11.16"]
[EventType "swiss"]
[EventCountry "ESP"]
[SourceTitle "playchess.com"]
[Source "ChessBase"]
[SourceQuality "1"]
[TimeControl "5400+30"]

1. e4 {[%emt 0:00:00]} c5 {[%emt 0:00:00]} 2. Nf3 {[%emt 0:00:00]} e6 {[%emt 0:00:00]} 3. g3 {[%emt 0:00:51]} Nc6 {[%emt 0:00:14]} 4. Bg2 {[%emt 0:00:06]} Nf6 {[%emt 0:02:30]} 5. Nc3 {[%emt 0:01:17]} d6 {[%emt 0:00:35]} 6. d4 {[%emt 0:01:51]} cxd4 {[%emt 0:00:11]} 7. Nxd4 {[%emt 0:00:05]} Bd7 {[%emt 0:00:19]} 8. O-O {[%emt 0:01:00]} Be7 {[%emt 0:00:16]} 9. Nb3 {[%emt 0:03:37]} O-O {[%emt 0:00:33]} 10. h3 {[%emt 0:04:09]} Ne5 {[%emt 0:13:30]} 11. a4 {[%emt 0:07:18]} a6 {[%emt 0:04:42]} 12. g4 {[%emt 0:06:55]} h6 {[%emt 0:01:07]} 13. Kh1 {[%emt 0:02:50]} Rc8 {[%emt 0:07:37]} 14. f4 {[%emt 0:03:37]} Ng6 {[%emt 0:18:05]} 15. Rg1 {[%emt 0:14:14]} Nh4 {[%emt 0:03:53]} 16. g5 {[%emt 0:12:46]} hxg5 {[%emt 0:00:44]} 17. fxg5 {[%emt 0:00:08]} Nh7 {[%emt 0:02:49]} 18. Bf1 {[%emt 0:01:49]} d5 {[%emt 0:22:32]} 19. Bd3 {[%emt 0:13:05]} dxe4 {[%emt 0:01:34]} 20. Nxe4 {[%emt 0:06:59]} Bc6 {[%emt 0:00:18]} 21. Qg4 {[%emt 0:00:51]} Ng6 {[%emt 0:01:00]} 22. Kh2 {[%emt 0:06:43]} Ne5 {[%emt 0:01:35]} 23. Qg3 {[%emt 0:01:02]} Nxd3 {[%emt 0:01:41]} 24. cxd3 {[%emt 0:00:14]} Qd5 {[%emt 0:07:44]} 25. Nbd2 {[%emt 0:03:27]} Rcd8 {[%emt 0:00:36]} 26. g6 {[%emt 0:06:14]} fxg6 {[%emt 0:00:12]} 27. Qxg6 {[%emt 0:01:09]} Rf2+ {[%emt 0:02:57]} 28. Rg2 {[%emt 0:00:56]} Rxg2+ {[%emt 0:01:18]} 29. Kxg2 {[%emt 0:00:05]} Kh8 {[%emt 0:01:06]} 30. b3 {[%emt 0:00:56]} Qxd3 {[%emt 0:00:57]} 31. Bb2 {[%emt 0:00:38]} Qxd2+ {[%emt 0:00:16]} 0-1

[Event "84th ESP-ch 2019"]
[Site "Marbella"]
[Date "2019.11.22"]
[Round "7.22"]
[White "Guadamuro Torrente, Anabel"]
[Black "Mingarro Carceller, Sergi"]
[Result "0-1"]
[WhiteElo "2145"]
[BlackElo "2329"]
[Annotator "TA"]
[PlyCount "88"]
[EventDate "2019.11.16"]
[EventType "swiss"]
[EventCountry "ESP"]
[SourceTitle "playchess.com"]
[Source "ChessBase"]
[SourceQuality "1"]

{[%evp 9,88,-38,-30,-53,-20,-39,-16,-20,-13,-24,-17,-11,0,0,0,-22,-11,-33,-35,-54,-25,-72,-62,-72,-68,-116,-95,-145,-133,-120,-116,-136,-138,-96,-112,-102,-93,-68,-23,-73,-73,-75,-70,-79,-85,-77,-40,-36,-55,-39,-42,-136,-141,-208,-223,-243,-207,-233,-211,-296,-281,-250,-152,-143,-156,-267,-274,-229,-218,-217,-213,-205,-175,-185,-123,-138,-139,-12835,-12835,-12831,-5593]} 1. e4 c5 2. d3 Nc6 3. g3 d5 4. Nc3 (4. Nd2 Nf6 5. Bg2 g6 6. Ngf3 Bg7 7. O-O O-O 8. c3 e6 9. Re1 Kh8 10. Qe2 b6 11. Nf1 c4 12. dxc4 Ba6 13. exd5 exd5 14. Bf4 dxc4 15. Rad1 Qc8 16. Ne5 Nxe5 17. Bxe5 {½-½ (50) Movsesian,S (2721)-Rublevsky,S (2678) Warsaw 2010}) 4... d4 5. Nce2 e5 6. Bg2 {B20: Sicilian: Unusual White 2nd moves} Bd6 7. f4 $1 Nge7 8. Nf3 {The position is equal.} f6 9. O-O Be6 10. fxe5 Bxe5 11. Nf4 Bf7 12. Bh3 $146 ({Predecessor:} 12. Nxe5 Nxe5 {0-1 (40) Cubas,J (2424)-Atalik,S (2568) Mar del Plata 2003}) 12... Qd6 13. Nxe5 Nxe5 14. Nh5 O-O 15. Bf4 N7c6 16. a3 c4 17. g4 Qc5 18. Bxe5 Nxe5 19. Nf4 Rac8 20. g5 Rc6 21. gxf6 Rxf6 22. Qe2 Qb5 23. Nd5 Bxd5 (23... Rh6 {with more complications.} 24. Qf2 cxd3 25. cxd3 Qxd3 26. Bg2 Nc6) 24. Rxf6 gxf6 ({Don't play} 24... Rxf6 25. exd5 Nf3+ 26. Kh1 $11) 25. exd5 Qxb2 26. Re1 $1 cxd3 27. cxd3 Qxa3 28. Bf5 Qe7 29. Kh1 Kh8 30. Rg1 {[#]} ({White should try} 30. Qe4 $15) 30... Rg8 $1 $17 31. Rxg8+ (31. Qh5 $17 {might work better.}) 31... Kxg8 $19 32. Qe4 Qb4 33. Bxh7+ {[#]} Kf8 $1 34. Qh4 (34. Qf4 $142 Ke7 35. Be4) 34... Ke7 35. Be4 Qc5 36. Qh7+ Nf7 37. d6+ (37. Qh3 $17) 37... Qxd6 38. Bxb7 Qf4 {[%cal Rf4f1]} 39. Kg2 Qd2+ 40. Kg3 Qe1+ 41. Kg2 a5 (41... Qe2+ $19 42. Kg3 Qe5+ 43. Kg2 Qe2+ 44. Kg3 Qe5+ 45. Kg2 Qe2+) 42. Bd5 $17 Qd2+ 43. Kf3 $2 {[%mdl 8192]} (43. Kf1 $17 Qf4+ 44. Ke2 Qe5+ {[%mdl 64] Double Attack} 45. Be4) 43... Qe3+ $19 44. Kg2 Qg5+ {[%mdl 64] Double Attack. Accuracy: White = 42%, Black = 60%.} 0-1

[Event "84th ESP-ch 2019"]
[Site "Marbella"]
[Date "2019.11.22"]
[Round "7.23"]
[White "Martin Carmona, Gaston Manuel"]
[Black "Martin Hernandez, Ruben"]
[Result "0-1"]
[WhiteElo "2304"]
[BlackElo "2206"]
[Annotator "ChessBase"]
[PlyCount "70"]
[EventDate "2019.11.16"]
[EventType "swiss"]
[EventCountry "ESP"]
[SourceTitle "playchess.com"]
[Source "ChessBase"]
[SourceQuality "1"]
[TimeControl "5400+30"]

1. e4 {[%emt 0:00:00]} c5 {[%emt 0:00:26]} 2. Nf3 {[%emt 0:00:35]} e6 {[%emt 0:00:07]} 3. d4 {[%emt 0:00:19]} cxd4 {[%emt 0:00:06]} 4. Nxd4 {[%emt 0:00:12]} Nc6 {[%emt 0:00:10]} 5. Nc3 {[%emt 0:00:40]} Qc7 {[%emt 0:00:07]} 6. Be3 {[%emt 0:00:37]} a6 {[%emt 0:00:09]} 7. a3 {[%emt 0:01:05]} Nf6 {[%emt 0:01:04]} 8. f4 {[%emt 0:00:22]} d6 {[%emt 0:06:04]} 9. Qf3 {[%emt 0:00:45]} Bd7 {[%emt 0:06:28]} 10. O-O-O {[%emt 0:03:59]} h5 {[%emt 0:02:17]} 11. Be2 {[%emt 0:07:04]} Rc8 {[%emt 0:02:28]} 12. f5 {[%emt 0:08:30]} e5 {[%emt 0:05:23]} 13. Nxc6 {[%emt 0:07:42]} Bxc6 {[%emt 0:00:15]} 14. Bd3 {[%emt 0:09:52]} b5 {[%emt 0:04:30]} 15. Nd5 {[%emt 0:18:22]} Bxd5 {[%emt 0:03:56]} 16. exd5 {[%emt 0:00:06]} Be7 {[%emt 0:02:42]} 17. g3 {[%emt 0:01:30]} Qb7 {[%emt 0:04:44]} 18. Kb1 {[%emt 0:00:23]} O-O {[%emt 0:03:15]} 19. Bg5 {[%emt 0:11:03]} e4 {[%emt 0:02:24]} 20. Bxe4 {[%emt 0:05:59]} Nxe4 {[%emt 0:00:07]} 21. Bxe7 {[%emt 0:00:05]} Qxe7 {[%emt 0:00:14]} 22. Qxh5 {[%emt 0:00:15]} Nf6 {[%emt 0:05:31]} 23. Qf3 {[%emt 0:00:49]} Rfe8 {[%emt 0:00:24]} 24. Rhe1 {[%emt 0:03:27]} Qxe1 {[%emt 0:00:39]} 25. Rxe1 {[%emt 0:00:00]} Rxe1+ {[%emt 0:00:00]} 26. Ka2 {[%emt 0:00:00]} Rxc2 {[%emt 0:00:14]} 27. Kb3 {[%emt 0:00:00]} Rc5 {[%emt 0:07:26]} 28. g4 {[%emt 0:01:44]} a5 {[%emt 0:00:39]} 29. Qf2 {[%emt 0:02:18]} a4+ {[%emt 0:00:30]} 30. Kb4 {[%emt 0:00:05]} Re8 {[%emt 0:08:37]} 31. Ka5 {[%emt 0:00:54]} b4+ {[%emt 0:01:18]} 32. Kxa4 {[%emt 0:00:33]} bxa3 {[%emt 0:00:18]} 33. Kxa3 {[%emt 0:00:54]} Ra8+ {[%emt 0:00:30]} 34. Kb3 {[%emt 0:00:14]} Nxd5 {[%emt 0:01:15]} 35. Qd4 {[%emt 0:01:02]} Rb8+ {[%emt 0:00:43]} 0-1

[Event "84th ESP-ch 2019"]
[Site "Marbella"]
[Date "2019.11.22"]
[Round "7.24"]
[White "De La Cruz Revilla, Miguel"]
[Black "Zurano Lopez, Pedro"]
[Result "1/2-1/2"]
[WhiteElo "2138"]
[BlackElo "2292"]
[Annotator "ChessBase"]
[PlyCount "60"]
[EventDate "2019.11.16"]
[EventType "swiss"]
[EventCountry "ESP"]
[SourceTitle "playchess.com"]
[Source "ChessBase"]
[SourceQuality "1"]
[TimeControl "5400+30"]

1. e4 {[%emt 0:00:00]} c6 {[%emt 0:00:00]} 2. Nc3 {[%emt 0:00:15]} d5 {[%emt 0:00:00]} 3. Nf3 {[%emt 0:00:12]} dxe4 {[%emt 0:03:44]} 4. Nxe4 {[%emt 0:00:08]} Nf6 {[%emt 0:00:04]} 5. Qe2 {[%emt 0:00:15]} Na6 {[%emt 0:02:21]} 6. Nxf6+ {[%emt 0:02:22]} gxf6 {[%emt 0:01:56]} 7. d4 {[%emt 0:00:29]} Bf5 {[%emt 0:03:19]} 8. c3 {[%emt 0:06:53]} Qd7 {[%emt 0:05:04]} 9. g3 {[%emt 0:06:05]} h5 {[%emt 0:03:36]} 10. Nh4 {[%emt 0:02:40]} Bh3 {[%emt 0:08:47]} 11. Bxh3 {[%emt 0:00:57]} Qxh3 {[%emt 0:00:06]} 12. Bf4 {[%emt 0:00:27]} O-O-O {[%emt 0:03:31]} 13. O-O-O {[%emt 0:00:27]} Nc7 {[%emt 0:07:00]} 14. Kb1 {[%emt 0:13:40]} Nd5 {[%emt 0:08:02]} 15. Bc1 {[%emt 0:00:19]} Qg4 {[%emt 0:01:02]} 16. f3 {[%emt 0:00:34]} Qd7 {[%emt 0:00:31]} 17. Rhe1 {[%emt 0:11:18]} e6 {[%emt 0:05:15]} 18. f4 {[%emt 0:05:00]} f5 {[%emt 0:01:41]} 19. Nf3 {[%emt 0:03:09]} Qc7 {[%emt 0:03:21]} 20. Be3 {[%emt 0:11:23]} Kb8 {[%emt 0:07:54]} 21. c4 {[%emt 0:00:52]} Nxe3 {[%emt 0:04:19]} 22. Qxe3 {[%emt 0:00:37]} Bg7 {[%emt 0:01:24]} 23. Qb3 {[%emt 0:07:00]} Rd6 {[%emt 0:01:21]} 24. Rd2 {[%emt 0:04:40]} Rhd8 {[%emt 0:02:37]} 25. Red1 {[%emt 0:00:01]} Qb6 {[%emt 0:03:30]} 26. Qxb6 {[%emt 0:05:56]} axb6 {[%emt 0:00:04]} 27. a4 {[%emt 0:00:25]} Kc7 {[%emt 0:02:35]} 28. Kc2 {[%emt 0:00:33]} Ra8 {[%emt 0:00:36]} 29. Kb3 {[%emt 0:00:36]} Bf6 {[%emt 0:01:03]} 30. Ne5 {[%emt 0:01:53]} Bxe5 {[%emt 0:01:56]} 1/2-1/2

[Event "84th ESP-ch 2019"]
[Site "Marbella"]
[Date "2019.11.22"]
[Round "7.25"]
[White "Medina Romero, Jose"]
[Black "Hernando Rodrigo, Julio Antonio"]
[Result "0-1"]
[WhiteElo "2083"]
[BlackElo "2271"]
[Annotator "ChessBase"]
[PlyCount "80"]
[EventDate "2019.11.16"]
[EventType "swiss"]
[EventCountry "ESP"]
[SourceTitle "playchess.com"]
[Source "ChessBase"]
[SourceQuality "1"]
[TimeControl "5400+30"]

1. d4 Nf6 2. Bg5 c5 3. Bxf6 gxf6 4. d5 Qb6 5. Qc1 Bh6 6. e3 d6 7. c4 Nd7 8. Nc3 f5 9. Nf3 Nf6 10. Bd3 e5 11. dxe6 fxe6 12. Qc2 Bd7 13. O-O-O Bc6 14. Kb1 Rg8 15. Bxf5 exf5 16. Qxf5 Qd8 17. Qe6+ Qe7 18. Rxd6 Qxe6 19. Rxe6+ Kf7 20. Rd6 Rxg2 21. Ne5+ Ke7 22. Rd2 Rag8 23. Nxc6+ bxc6 24. Kc2 Rd8 25. Re2 Ng4 26. Ne4 Kf7 27. Rhe1 Rxh2 28. Nxc5 Rxf2 29. Rxf2+ Nxf2 30. Re2 Ng4 31. e4 Ne3+ 32. Kb3 Rb8+ 33. Kc3 Bg7+ 34. Kd3 Ng4 35. b3 h5 36. e5 Bxe5 37. Ke4 Bd6 38. Kd4 h4 39. Ne4 Rd8 40. Rg2 Bb4+ 0-1